<?xml version="1.0" encoding="UTF-8"?>
<record
    xmlns:xsi="http://www.w3.org/2001/XMLSchema-instance"
    xsi:schemaLocation="http://www.loc.gov/MARC21/slim http://www.loc.gov/standards/marcxml/schema/MARC21slim.xsd"
    xmlns="http://www.loc.gov/MARC21/slim">

  <leader>02405nam a22003617a 4500</leader>
  <datafield tag="999" ind1=" " ind2=" ">
    <subfield code="c">21772</subfield>
    <subfield code="d">21772</subfield>
  </datafield>
  <controlfield tag="003">AR-CdUCM</controlfield>
  <controlfield tag="008">190425b           ||||| |||| 00| 0 spa d</controlfield>
  <datafield tag="040" ind1=" " ind2=" ">
    <subfield code="a">MUNICIPALIDAD PROVINCIAL DEL CUSCO</subfield>
    <subfield code="c">BIBLIOTECA MUNICIPAL DEL CUSCO</subfield>
  </datafield>
  <datafield tag="082" ind1=" " ind2=" ">
    <subfield code="a">Rev.Univ/N&#xB0;118/1960</subfield>
  </datafield>
  <datafield tag="110" ind1=" " ind2=" ">
    <subfield code="a">Universidad Nacional de San Antonio Abad del Cusco</subfield>
    <subfield code="9">15942</subfield>
  </datafield>
  <datafield tag="245" ind1=" " ind2=" ">
    <subfield code="a">Revista Universitaria :</subfield>
    <subfield code="b">&#xD3;rgano de la Universidad del Cuzco /</subfield>
  </datafield>
  <datafield tag="260" ind1=" " ind2=" ">
    <subfield code="a">Cusco :</subfield>
    <subfield code="b">Garcilaso,</subfield>
    <subfield code="c">1960.</subfield>
  </datafield>
  <datafield tag="300" ind1=" " ind2=" ">
    <subfield code="a">306 p&#xE1;ginas. :</subfield>
    <subfield code="c">20 cm.</subfield>
  </datafield>
  <datafield tag="440" ind1=" " ind2=" ">
    <subfield code="a">Revista Universitaria</subfield>
    <subfield code="n">A&#xF1;o XLIX, 1&#xB0; semestre 1960, N&#xB0;118.</subfield>
    <subfield code="9">46030</subfield>
  </datafield>
  <datafield tag="505" ind1=" " ind2=" ">
    <subfield code="a">Contenido: Bosquejo de una antropolog&#xED;a filos&#xF3;fica. Humberto Vidal Unda. -- Informaci&#xF3;n de m&#xE9;ritos del Obispo Moscoso. Daniel Valcarcel. -- La Universidad Nacional de San Sim&#xF3;n del Cuzco. Horacio Villanueva Urteaga. -- El ind&#xED;gena peruano en las Bellas Artes Virreinales. Emilio Harth Terre. -- Sentido creador de la Universidad. Carlos Ferdinad Cuadros. -- El proceso de reconstrucci&#xF3;n del Cuzco y la legislaci&#xF3;n vigente. Ernesto Valdivia Pezo. -- Una correlaci&#xF3;n entre el sobrecruzamiento citol&#xF3;gico y el gen&#xE9;tico en Zea Mays. Creighton. -- Ornithological Reconnaisance of departamento Madre de Dios Per&#xFA;. Emmert Blake. -- Relaciones de trabajo entre el patr&#xF3;n y los colonos en los fundos de la provincia de Paucartambo. Gustavo Palacio Pimentel. -- Investigaci&#xF3;n sobre las caracter&#xED;sticas de resistencia de nuestras maderas regionales. Eduardo Marmanillo. -- Apuntes para una reforma agraria en el departamento de Puno. Florencio D&#xED;az Bedregal. -- Colecci&#xF3;n de autores cuzque&#xF1;os. Narciso Ar&#xE9;stegui. El padre Hor&#xE1;n escenas de la vida del Cuzco. Tomo V y final. </subfield>
  </datafield>
  <datafield tag="650" ind1=" " ind2=" ">
    <subfield code="a">Obispos del Cusco</subfield>
    <subfield code="9">45953</subfield>
  </datafield>
  <datafield tag="650" ind1=" " ind2=" ">
    <subfield code="a">Arte cusque&#xF1;o</subfield>
    <subfield code="9">13165</subfield>
  </datafield>
  <datafield tag="650" ind1=" " ind2=" ">
    <subfield code="a">Arte colonial</subfield>
    <subfield code="9">13403</subfield>
  </datafield>
  <datafield tag="650" ind1=" " ind2=" ">
    <subfield code="a">Artistas coloniales</subfield>
    <subfield code="9">46031</subfield>
  </datafield>
  <datafield tag="650" ind1=" " ind2=" ">
    <subfield code="a">Universidad San Sim&#xF3;n del Cusco</subfield>
    <subfield code="9">46032</subfield>
  </datafield>
  <datafield tag="650" ind1=" " ind2=" ">
    <subfield code="a">Literatura cusque&#xF1;a</subfield>
    <subfield code="9">46033</subfield>
  </datafield>
  <datafield tag="650" ind1=" " ind2=" ">
    <subfield code="a">Latifundismo Paucartambo</subfield>
    <subfield code="9">46013</subfield>
  </datafield>
  <datafield tag="650" ind1=" " ind2=" ">
    <subfield code="a">Reforma agraria</subfield>
    <subfield code="9">1861</subfield>
  </datafield>
  <datafield tag="700" ind1=" " ind2=" ">
    <subfield code="a">Valc&#xE1;rcel, Daniel</subfield>
    <subfield code="9">1727</subfield>
  </datafield>
  <datafield tag="700" ind1=" " ind2=" ">
    <subfield code="a">Villanueva Urteaga, Horacio</subfield>
    <subfield code="9">5790</subfield>
  </datafield>
  <datafield tag="700" ind1=" " ind2=" ">
    <subfield code="a">Vidal Unda, Humberto</subfield>
    <subfield code="9">45978</subfield>
  </datafield>
  <datafield tag="700" ind1=" " ind2=" ">
    <subfield code="a">Valdivia Pezo, Ernesto</subfield>
    <subfield code="9">14881</subfield>
  </datafield>
  <datafield tag="700" ind1=" " ind2=" ">
    <subfield code="a">Palacio Pimentel, Gustavo</subfield>
    <subfield code="9">46034</subfield>
  </datafield>
  <datafield tag="700" ind1=" " ind2=" ">
    <subfield code="a">Harth Terre, Emilio</subfield>
    <subfield code="9">46011</subfield>
  </datafield>
  <datafield tag="710" ind1=" " ind2=" ">
    <subfield code="a">Universidad Nacional de San Antonio Abad del Cusco</subfield>
    <subfield code="9">15942</subfield>
  </datafield>
  <datafield tag="942" ind1=" " ind2=" ">
    <subfield code="2">ddc</subfield>
    <subfield code="c">PP</subfield>
  </datafield>
  <datafield tag="945" ind1=" " ind2=" ">
    <subfield code="a">rac</subfield>
  </datafield>
  <datafield tag="952" ind1=" " ind2=" ">
    <subfield code="0">0</subfield>
    <subfield code="2">ddc</subfield>
    <subfield code="4">0</subfield>
    <subfield code="7">0</subfield>
    <subfield code="a">HEM</subfield>
    <subfield code="b">HEM</subfield>
    <subfield code="c">CART</subfield>
    <subfield code="d">2021-07-14</subfield>
    <subfield code="g">10.00</subfield>
    <subfield code="o">Rev.Univ/N&#xB0;118/1960</subfield>
    <subfield code="p">REVC000178</subfield>
    <subfield code="r">2021-07-14</subfield>
    <subfield code="y">PP</subfield>
  </datafield>
  <datafield tag="952" ind1=" " ind2=" ">
    <subfield code="0">0</subfield>
    <subfield code="2">ddc</subfield>
    <subfield code="4">0</subfield>
    <subfield code="7">0</subfield>
    <subfield code="a">HEM</subfield>
    <subfield code="b">HEM</subfield>
    <subfield code="c">CART</subfield>
    <subfield code="d">2021-07-14</subfield>
    <subfield code="g">10.00</subfield>
    <subfield code="o">Rev.Univ/N&#xB0;118/1960/e.2</subfield>
    <subfield code="p">REVC000179</subfield>
    <subfield code="r">2021-07-14</subfield>
    <subfield code="y">PP</subfield>
  </datafield>
  <datafield tag="952" ind1=" " ind2=" ">
    <subfield code="0">0</subfield>
    <subfield code="2">ddc</subfield>
    <subfield code="4">0</subfield>
    <subfield code="7">0</subfield>
    <subfield code="a">HEM</subfield>
    <subfield code="b">HEM</subfield>
    <subfield code="c">CART</subfield>
    <subfield code="d">2021-07-14</subfield>
    <subfield code="g">10.00</subfield>
    <subfield code="o">Rev.Univ/N&#xB0;118/1960/e.3</subfield>
    <subfield code="p">REVC000180</subfield>
    <subfield code="r">2021-07-14</subfield>
    <subfield code="y">PP</subfield>
  </datafield>
  <datafield tag="952" ind1=" " ind2=" ">
    <subfield code="0">0</subfield>
    <subfield code="2">ddc</subfield>
    <subfield code="4">0</subfield>
    <subfield code="7">0</subfield>
    <subfield code="a">HEM</subfield>
    <subfield code="b">HEM</subfield>
    <subfield code="c">CART</subfield>
    <subfield code="d">2021-07-14</subfield>
    <subfield code="g">10.00</subfield>
    <subfield code="o">Rev.Univ/N&#xB0;118/1960/e.4</subfield>
    <subfield code="p">REVC000181</subfield>
    <subfield code="r">2021-07-14</subfield>
    <subfield code="y">PP</subfield>
  </datafield>
</record>
